Synthesis and Study of Aluminum Substituted Copper Nickel Spinel Nano Ferrites / (Record no. 534238)
[ view plain ]
| 000 -LEADER | |
|---|---|
| fixed length control field | 00612nam a22001697a 4500 |
| 020 ## - INTERNATIONAL STANDARD BOOK NUMBER | |
| Qualifying information | Hard Cover. |
| 082 ## - DEWEY DECIMAL CLASSIFICATION NUMBER | |
| Classification number | 200 |
| 100 ## - MAIN ENTRY--PERSONAL NAME | |
| Personal name | Khattak, Saeed Anwar |
| 245 ## - TITLE STATEMENT | |
| Title | Synthesis and Study of Aluminum Substituted Copper Nickel Spinel Nano Ferrites / |
| Statement of responsibility, etc. | Saeed Anwar Khattak. |
| 260 ## - PUBLICATION, DISTRIBUTION, ETC. | |
| Place of publication, distribution, etc. | Islamabad: |
| Name of publisher, distributor, etc. | SCME - NUST, |
| Date of publication, distribution, etc. | 2013. |
| 300 ## - PHYSICAL DESCRIPTION | |
| Extent | 77 p. : |
| Other physical details | ill. ; |
| Dimensions | 30cm. |
| 650 ## - SUBJECT ADDED ENTRY--TOPICAL TERM | |
| Topical term or geographic name entry element | MS-Materials Engineering |
| 700 ## - ADDED ENTRY--PERSONAL NAME | |
| Personal name | Supervisor: Dr. Iftikhar Hussain Gul |
| 856 ## - Uniform Resource Identifier | |
| Uniform Resource Identifier | <a href="http://10.250.8.41:8080/xmlui/handle/123456789/21696">http://10.250.8.41:8080/xmlui/handle/123456789/21696</a> |
| 942 ## - ADDED ENTRY ELEMENTS (KOHA) | |
| Source of classification or shelving scheme | |
| Koha item type | Soft Copy |
| 650 ## - SUBJECT ADDED ENTRY--TOPICAL TERM | |
| -- | 129142 |
| 700 ## - ADDED ENTRY--PERSONAL NAME | |
| -- | 123462 |
| Withdrawn status | Lost status | Source of classification or shelving scheme | Damaged status | Not for loan | Permanent Location | Current Location | Shelving location | Date acquired | Full call number | Barcode | Date last seen | Price effective from | Koha item type |
|---|---|---|---|---|---|---|---|---|---|---|---|---|---|
| Central Library (CL) | Central Library (CL) | Thesis | 02/10/2020 | 200 | CL-T-4953 | 02/10/2020 | 02/10/2020 | Soft Copy | |||||
| Central Library (CL) | Central Library (CL) | 02/25/2020 | 200 | CL-T-5199 | 02/25/2020 | 02/25/2020 | Soft Copy |
